¿Adios a la teoría de la dependencia? (una perspectiva desde la Argentina) /
Guardat en:
| Autor principal: | |
|---|---|
| Format: | Text |
| Idioma: | Spanish |
| Etiquetes: |
Afegir etiqueta
Sense etiquetes, Sigues el primer a etiquetar aquest registre!
|
MARC
| LEADER | 00000 a a2200000 04500 | ||
|---|---|---|---|
| 001 | 40602 | ||
| 003 | cru IIS | ||
| 005 | 20220811144615.0 | ||
| 008 | 220811b |||||||| |||| 00| 0 spa d | ||
| 040 | |c cru IIS | ||
| 090 | |a SO. 05.01.01 C749a | ||
| 100 | |a Imaz, José Luis de | ||
| 245 | 1 | |a ¿Adios a la teoría de la dependencia? (una perspectiva desde la Argentina) / |c José Luis de Imaz | |
| 773 | |g volumen3, (XI Congreso Latinoamericano de Sociología), [páginas 45-77] | ||
| 942 | |2 ddc |c LI | ||
| 999 | |c 29132 |d 29132 | ||
